000 00201 a2200097 4500
001 7846
100 _aFawcett, P H
245 _aExploration fawcett
260 _a
_bHutchinson
_c
090 _c6295
_d6295
942 _aNUST-CAE
_cM
_c32817
999 _c242919
_d242919